Floristic changes in meadow communities in dependance on the fertilization level

Bibliographic Details
Main Author: Grynia, Maria (Author)
Format: Article
Language:English
Slovak
PhysicalDescription:Res. nem., lit. 10 zázn. v angl., poľ.
Subjects:

MARC

LEADER 00000nab a2200000 a 4500
001 vtls000440962
003 SK-MaSNL
005 20260319075301.0
008 160204c1988 xo 0 eng
015 |a SNBRA19rr/mm-uuuuu 
035 |a CL0441092 
040 |a SNKBUCL  |b slo  |c SNKBUCL  |e AACR2 
041 0 |a slo 
044 |a xo  |c SK 
080 |a 581.526  |2 1981 
100 1 |a Grynia, Maria  |4 aut  |9 969231 
245 1 0 |a Floristic changes in meadow communities in dependance on the fertilization level  |c Maria Grynia 
300 |b Res. nem., lit. 10 zázn. v angl., poľ. 
650 0 7 |a fytocenózy  |2 snkbucl  |9 398427 
650 0 7 |a lúky  |2 snkbucl  |9 3676 
655 7 |a články zo zborníkov  |2 snkbucl  |9 166140 
773 0 |t Synanthropic Flora and Vegetation 5  |d Martin, 1988  |g S. 315-319 
850 |a Slovenská národná knižnica v Martine  |a MTA001 
852 |a SNK  |b KIS3GCP 
958 |a NB 
958 |a RK 
992 |a RZB 
999 |c 1549913  |d 1551843